Indiayude bhumishastram (Record no. 34873)
[ view plain ]
| 000 -LEADER | |
|---|---|
| fixed length control field | 00641nam a2200157Ia 4500 |
| 008 - FIXED-LENGTH DATA ELEMENTS--GENERAL INFORMATION | |
| fixed length control field | 210323s9999||||xx |||||||||||||| ||und|| |
| 040 ## - CATALOGING SOURCE | |
| Transcribing agency | STCPL |
| 082 ## - DEWEY DECIMAL CLASSIFICATION NUMBER | |
| Classification number | 912.54 |
| Item number | MUH-I |
| 100 ## - MAIN ENTRY--PERSONAL NAME | |
| Personal name | മുഹമ്മദ് യൂ. ജമാല് |
| 245 #0 - TITLE STATEMENT | |
| Title | Indiayude bhumishastram |
| Title in other language | ഇന്ത്യയുടെ ഭൂമിശാസ്ത്രം |
| 260 ## - PUBLICATION, DISTRIBUTION, ETC. | |
| Place of publication, distribution, etc. | Thiruvananthapuram |
| Name of publisher, distributor, etc. | Kerala Bhasha Institute |
| Date of publication, distribution, etc. | 1976 |
| 300 ## - PHYSICAL DESCRIPTION | |
| Extent | 1-viii, 1-401 |
| 650 ## - SUBJECT ADDED ENTRY--TOPICAL TERM | |
| Topical term or geographic name entry element | GeneralTHE REAL NUMBER SYSTEM, POINT SET THEORY, SEQUENCES OF REAL NUMBERS, LIMITS AND CONTINUITY, INFINITE SERIES, UNIFORM CONBERGENCE AND POWER SERIES |
| 942 ## - ADDED ENTRY ELEMENTS (KOHA) | |
| Koha item type | Books |
| 041 ## - LANGUAGE CODE | |
| Language code of original | Malayalam |
| Withdrawn status | Lost status | Damaged status | Not for loan | Home library | Current library | Shelving location | Date acquired | Cost, normal purchase price | Total Checkouts | Full call number | Barcode | Date last seen | Price effective from | Koha item type |
|---|---|---|---|---|---|---|---|---|---|---|---|---|---|---|
| ST. THOMAS COLLEGE LIBRARY, PALAI | ST. THOMAS COLLEGE LIBRARY, PALAI | 2021-07-10 | 11.50 | 912.54 MUH-I | 45429 | 2021-07-10 | 2021-07-10 | Books |
